000 00743nam a2200229 u 4500
005 20241101063723.0
008 130424s2009 mx r 000 0 spa d
020 _a9789708260756
035 _aUPN01000190831
049 _aCG
050 4 _aHQ799.2 V5.6
_bV4.2
100 1 _aVelázquez Reyes, Luz María
_932859
245 1 3 _aEl cuerpo como campo de batalla /
_cLuz María Velázquez Reyes.
260 _aMéxico :
_bGobierno del Estado de México,
_c2009.
300 _a167 p. :
_bgráfs., tablas
440 0 _aBiblioteca mexiquense del bicentenario
650 4 _aJOVENES Y VIOLENCIA -
_zMEXICO
_922199
650 4 _aViolencia
_zMéxico
_91562
650 7 _aJóvenes
_xConducta de vida
_2
_916721
905 _aLibro
999 _c162934
_d162934